Capital Cities With C - Statistics

General Stats
  • This quiz has been taken 36 times
    20 since last reset
  • The average score is 6 of 8
Answer Stats
City % Correct
Cairo
83%
Canberra
83%
Cape Town
72%
Caracas
72%
Copenhagen
72%
Conakry
67%
Chisinau
61%
Castries
44%
No matching quizzes found
Score Distribution
Percent of People with Each Score
Percentile by Number Answered
Your Score History
You have not taken this quiz since the last reset